Score 0/20 Timer 04:00
0 Plays Today
Foreign-Born Population Country % Correct
1,823Italy
96.7%
12,046United Kingdom
94.5%
502France
93.1%
1,403United States
86.8%
1,147Germany
85.7%
1,107Russia
76.6%
417China
75.9%
2,053Canada
71.3%
546Egypt
69.2%
935Libya
60.6%
Foreign-Born Population Country % Correct
5,053Australia
59.3%
543Sweden
58.1%
496Netherlands
56.7%
791Romania
43.9%
643Serbia
40.3%
1,055Bulgaria
38.8%
397Nigeria
32.8%
559Philippines
26.5%
400Ethiopia
24.5%
1,210Somalia
23.8%
Remove Ads.
Support Sporcle.
Get the best of Sporcle when you Go Orange. This ad-free experience offers more features, more stats, and more fun while also helping to support Sporcle. Thank you for becoming a member.

You're not logged in!

Compare scores with friends on all Sporcle quizzes.
OR
Log In

Show Comments

Extras

Top Quizzes Today


Score Distribution

Your Account Isn't Verified!

In order to create a playlist on Sporcle, you need to verify the email address you used during registration. Go to your Sporcle Settings to finish the process.

Report this User

Report this user for behavior that violates our Community Guidelines.

Details: